| 000 | 01043nam a2200265 a 4500 | ||
|---|---|---|---|
| 001 | 000047096 | ||
| 005 | 20201002053343.0 | ||
| 008 | 180424s2015 dr a 000 0 spa d | ||
| 020 | _a9789945192414 (v.1) | ||
| 020 | _a9789945192261 (v.2) | ||
| 020 | _a9789945192773 (v.3) | ||
| 040 |
_aDO-SdBNP _bspa _cBNPHU |
||
| 082 |
_axxxx _bxxxx |
||
| 100 | 1 |
_aMolina Moloon, Andrés _96595 |
|
| 245 | 1 | 0 |
_aMatemáticas 5 : _beducación primaria / _cAndrés Molina Moloon ; ilustración Ruddy Núñez... [et al.] ; dirección editorial Claudia Llibre. |
| 260 |
_aSanto Domingo : _bSantillana, _c2015. |
||
| 300 |
_a3v. : _bil. ; _c28 cm. _e+CD-ROM |
||
| 490 | 1 | _aProyecto Todos Juntos | |
| 500 | _aActualización según el nuevo diseño curricular oficial | ||
| 505 | 0 |
_av. 1. _tLibro de texto -- _gv. 2 . _tGuía didáctica para el docente -- _gv. 3. _tcuaderno fichas de actividades. |
|
| 590 | _aInventariado, 2018/VM | ||
| 700 | 1 |
_aLlibre, Claudia _edir. _930462 |
|
| 700 | 1 |
_aNúñez, Ruddy, _eil. _923171 |
|
| 830 | 0 |
_aProyecto Todos Juntos _930856 |
|
| 999 |
_c46584 _d46584 |
||